Lima paksi al-Quranul karim

Bibliographic Details
Main Author: غزالي، محمد (Author)
Format: Book
Published: Kuala Terengganu : Yayasan Islam Terengganu , 1998
Series:Siri penerbitan Yayasan Islam Terengganu 77
Subjects:

MARC

LEADER 00000cam a2200000 7i4500
001 0000006051
005 20220120093000.0
008 021119s1998
020 |a 9839111825 
050 0 0 |a BP130   |b .G43 1998 
090 0 0 |a BP130   |b .G43 1998 
100 0 |a غزالي، محمد ,   |e author 
240 1 2 |a المحاور الخمسة للقران الكريم   |l [Bahasa Malaysia] 
245 1 0 |a Lima paksi al-Quranul karim   |c Muhammad al-Ghazali; penterjemah Mahmood Embong 
260 2 |a Kuala Terengganu :   |b Yayasan Islam Terengganu ,   |c 1998 
300 |a x, 337 p. ;   |c 21 cm. 
490 1 |a Siri penerbitan Yayasan Islam Terengganu   |v 77 
630 0 0 |a Qur'an   |x Theology 
650 0 |a Islam   |x Doctrines 
650 0 |a Qur'an   |x Commentaries 
999 |a 1000077364   |b Book   |c OPEN SHELF (30 DAYS)   |e Gong Badak Campus